000 00796nam a22002412a 4500
999 _c6005
_d6005
003 BD-JhCC
005 20171231175654.0
008 500101r19581966enkao 000 0 eng d
035 _a(BD-JhCC)
040 _aSOI
_cSOI
_dUKM
_dEQO
_dBD-JhCC
041 _aeng
082 _a372.72044
_bDOW 1966
100 1 _aDownes, Leonard William.
245 1 4 _aThe teaching of arithmetic in tropical primary schools /
_cby L. W. Downes and D. Paling
260 _aLondon :
_bOxford Univ. Press,
_c1966
300 _a500 p.
_bill. ;
_c22 cm
500 _aIncludes illustration
504 _aBibliography: p. [490]-492
650 0 _aArithmetic
_xStudy and teaching (Primary)
700 1 _aPaling, D.
830 0 _aUNESCO handbooks on the teaching of science in tropical countries ;
_vv. 5
942 _2ddc
_cBK